Karol Veselovský

Bibliographic Details
Main Author: Junas, Ján, 1925-2002 (Author)
Format: Article
Language:Slovak
Subjects:

MARC

LEADER 00000nab a2200000 a 4500
001 vtls000487748
003 SK-MaSNL
005 20260303160927.0
008 230223c1993 xo 0 slo
015 |a SNBRB19rr/mm-uuuuu 
035 |a CL0487885 
035 |a urn:nbn:sk:snk-abc0p 
035 |a (urnnbn)urn:nbn:sk:snk:ar-a056gn 
035 |a (uuid)2e3cdbc6-b2ba-411c-b30c-15c7b2998be0 
040 |a SNKBUCL  |b slo  |c SNKBUCL  |e AACR2 
041 0 |a slo 
044 |a xo  |c SK 
080 |a 943.76-051"18"  |2 1981 
080 |a 61-051  |2 1981 
080 |a 929 Veselovský, Karol  |2 1981 
100 1 |a Junas, Ján,  |d 1925-2002  |4 aut  |9 13563 
245 1 0 |a Karol Veselovský  |c Ján Junas 
600 1 7 |a Veselovský, Karol,  |d 1818-1892  |2 snkbucl  |9 169464 
655 7 |a články z novín a časopisov  |2 snkbucl  |9 267496 
773 0 |t Slovenský lekár  |g Roč. 3 (17), č. 5-6 (1993), s. 44 
850 |a Slovenská národná knižnica v Martine  |a MTA001 
852 |a SNK  |b KIS3GCP 
954 |a odborná, vedecká literatúra pôvodná (slovenská)  |2 lita 
958 |a BX 
958 |a RK 
958 |a ME 
958 |a OND 
958 |a EUIPO 
958 |a article27 
992 |a RBX 
999 |c 2047650  |d 2049580